| 000 | 00577nam a2200169Ia 4500 | ||
|---|---|---|---|
| 008 | 151213s9999 xx 000 0 und d | ||
| 020 | _a984-300002299-0 | ||
| 100 | _aমো : হাবিবুর রহমান | ||
| 245 |
_aইসলঅমিক জুরিসপ্রডেন্স _cমো : হাবিবুর রহমান |
||
| 250 | _a৩য় সং | ||
| 260 |
_aঢাকা _bআমিন ’ল’ বুক _c2010 |
||
| 300 | _a7916 p. | ||
| 650 | _aLaw | ||
| 650 | _aLaw | ||
| 700 | _aমো : হাবিবুর রহমান | ||
| 999 |
_c4050 _d4050 |
||